00601nam a22001817a 4500003000400000008004100004020001500045020001800060050002400078100002600102245012000128260005200248300003400300650001900334650002300353650002200376700002100398OSt230801b |||||||| |||| 00| 0 eng d a0915811375 a9780915811373 aRZ403.S56bS55 1989 aSilva, José, d1914 aYou the healer : bthe world-famous Silva method on how to heal yourself and others/cJosé Silva, Robert B. Stone a Novato, Calif., : bNew World Library,c©1989 a x, 263 p. : bill. ; c22 cm aMental healing aSilva Mind Control aSelf-care, Health aStone, Robert B.